<?xml version="1.0" encoding="UTF-8"?>
<marc:record xmlns:marc="http://www.loc.gov/MARC21/slim">
   <marc:leader>00000nam a2200000 a 4500</marc:leader>
   <marc:datafield ind1="1" ind2=" " tag="100">
      <marc:subfield code="a">Scherer, Klaus</marc:subfield>
      <marc:subfield code="4">aut</marc:subfield>
      <marc:subfield code="e">Verfasser/-in</marc:subfield>
   </marc:datafield>
   <marc:datafield ind1=" " ind2=" " tag="653">
      <marc:subfield code="a">Alaska</marc:subfield>
   </marc:datafield>
   <marc:datafield ind1=" " ind2=" " tag="653">
      <marc:subfield code="a">Kanada</marc:subfield>
   </marc:datafield>
   <marc:datafield ind1=" " ind2=" " tag="653">
      <marc:subfield code="a">Reisebericht</marc:subfield>
   </marc:datafield>
   <marc:datafield ind1=" " ind2=" " tag="653">
      <marc:subfield code="a">Grönland</marc:subfield>
   </marc:datafield>
   <marc:datafield ind1=" " ind2=" " tag="653">
      <marc:subfield code="a">Arktis</marc:subfield>
   </marc:datafield>
   <marc:datafield ind1="0" ind2="0" tag="245">
      <marc:subfield code="a">Auf dem Polarkreis unterwegs</marc:subfield>
   </marc:datafield>
   <marc:datafield ind1="0" ind2="0" tag="245">
      <marc:subfield code="b">vierzig Tage Alaska, Kanada und Grönland</marc:subfield>
   </marc:datafield>
   <marc:datafield ind1="0" ind2="0" tag="245">
      <marc:subfield code="c">Klaus Scherer</marc:subfield>
   </marc:datafield>
   <marc:datafield ind1=" " ind2="1" tag="264">
      <marc:subfield code="a">Köln</marc:subfield>
      <marc:subfield code="b">vgs</marc:subfield>
      <marc:subfield code="c">2006</marc:subfield>
   </marc:datafield>
   <marc:datafield ind1="1" ind2=" " tag="520">
      <marc:subfield code="a">Zu Besuch bei Menschen, die im Bereich des Polarkreises zwischen Point Hope im Nordwesten Alaskas und der Ostküste Grönlands ein von der extremen Natur bestimmtes Leben führen, das zunehmend vor allem durch den Klimawandel bedroht ist. 2004 ist der mehrfach ausgezeichnete Fernsehjournalist Klaus Scherer entlang der Datumsgrenze unterwegs gewesen (BA 2/05). Diesmal reist sein ARD-Team 20.000 km entlang des Polarkreises von Point Hope im Nordwesten Alaskas bis Tasiilaq (Angmagssalik) im Osten Grönlands. Vom späten Frühling mit seinen hellen Nächten bis in den tiefsten dunklen Winter werden auf den 3 Etappen Lebens- und Überlebensformen am Rande der bewohnten Welt erkundet. Man reist mit landestypischen Verkehrsmitteln wie Postflugzeug, Hundeschlitten, Vierradmoped u.a. und begegnet Menschen, die es aus welchen Gründen auch immer in den einsamen Norden verschlagen hat: Goldsucher, Aussteiger, Glücksritter, Naturfreaks, vor allem aber auch jene, die schon immer da waren, die Inuit, die den Spagat zwischen Tradition und Anpassung an die Welt des 21. Jahrhunderts wagen, damit erfolgreich sind oder im Elend dahinvegetieren. Der Klimawandel ist dabei ein allgegenwärtiges, zunehmend existenzbedrohendes Phänomen. Lebendig, einfühlsam, auch humorvoll erzählt, illustriert mit ein paar beeindruckenden Farbfotos. Empfohlen.</marc:subfield>
   </marc:datafield>
   <marc:datafield ind1=" " ind2=" " tag="020">
      <marc:subfield code="a">9783802517020</marc:subfield>
      <marc:subfield code="9">9783802517020</marc:subfield>
   </marc:datafield>
   <marc:datafield ind1=" " ind2=" " tag="020">
      <marc:subfield code="a">3802517024</marc:subfield>
      <marc:subfield code="9">3802517024</marc:subfield>
   </marc:datafield>
   <marc:datafield ind1=" " ind2=" " tag="300">
      <marc:subfield code="a">223 S. : Ill. (farb.), Kt.</marc:subfield>
   </marc:datafield>
</marc:record>
